[Event "Olimpiada Dresden 2008 Femenina"]
[Site "Dresden GER"]
[Date "2008.11.20"]
[Round "7.26"]
[White "Esquivel De Leon, Aurora"]
[Black "Ptacnikova, Lenka"]
[Result "0-1"]
[WhiteElo "2037"]
[BlackElo "2237"]
[PlyCount "118"]
[EventDate "2008.11.13"]
[EventType "team-tourn"]
[EventRounds "11"]
[EventCountry "GER"]
[Source "lmi"]
[SourceDate "2008.11.13"]
[WhiteTeam "México"]
[BlackTeam "Islandia"]
[WhiteTeamCountry "MEX"]
[BlackTeamCountry "ISL"]

1. Nf3 Nf6 2. c4 e6 3. g3 b6 4. Bg2 Bb7 5. Nc3 Be7 6. d4 Ne4 7. Nxe4 Bxe4 8.
O-O O-O 9. b3 d5 10. Bb2 dxc4 11. bxc4 c5 12. e3 Nc6 13. Qe2 Qc7 14. Rfd1 Rad8
15. dxc5 Bxc5 16. Ng5 Bxg2 17. Qc2 g6 18. Kxg2 e5 19. Qe4 Be7 20. Nf3 f6 21.
Bc3 Bb4 22. Bxb4 Nxb4 23. a3 Qc6 24. Qxc6 Nxc6 25. Kf1 Na5 26. Nd2 Rd3 27. Ke2
Rfd8 28. Ne4 Rxd1 29. Rxd1 Rxd1 30. Kxd1 f5 31. Nd2 Kf7 32. Kc2 e4 33. Kc3 Nc6
34. f3 exf3 35. Nxf3 Ke7 36. Kd3 Kd6 37. e4 fxe4+ 38. Kxe4 Kc5 39. Kd3 b5 40.
cxb5 Kxb5 41. Nd2 Ka4 42. Nc4 Kb3 43. h3 a6 44. h4 h5 45. Nd2+ Kxa3 46. Kc3 Ka4
47. Kc4 Na5+ 48. Kc3 Kb5 49. Ne4 Nc6 50. Nf6 Kc5 51. g4 hxg4 52. Nxg4 Kd6 53.
Ne3 Ne7 54. Kd3 Ke5 55. Ng4+ Kf5 56. Nh6+ Kf4 57. Kc4 Nf5 58. h5 gxh5 59. Nf7
h4 0-1

[Event "Olimpiada Dresden 2008 Femenina"]
[Site "Dresden GER"]
[Date "2008.11.20"]
[Round "7.26"]
[White "Thorsteinsdottir, Gudlaug"]
[Black "Guerrero Rodriguez, Alejandra"]
[Result "1-0"]
[WhiteElo "2156"]
[BlackElo "2143"]
[PlyCount "83"]
[EventDate "2008.11.13"]
[EventType "team-tourn"]
[EventRounds "11"]
[EventCountry "GER"]
[Source "lmi"]
[SourceDate "2008.11.13"]
[WhiteTeam "Islandia"]
[BlackTeam "México"]
[WhiteTeamCountry "ISL"]
[BlackTeamCountry "MEX"]

1. d4 e6 2. c4 c5 3. d5 exd5 4. cxd5 d6 5. Nc3 Nf6 6. e4 g6 7. h3 Bg7 8. Nf3
O-O 9. Bd3 a6 10. a4 Nbd7 11. O-O Rb8 12. Bf4 Qc7 13. Re1 Re8 14. Bf1 Bf8 15.
Qc2 c4 16. Rad1 b5 17. axb5 axb5 18. Nd4 Ba6 19. Nc6 Ra8 20. Nb4 Reb8 21. Ra1
Nc5 22. e5 Nh5 23. Bh2 dxe5 24. Bxe5 Bd6 25. Bxd6 Qxd6 26. Nc6 Re8 27. g3 Rxe1
28. Rxe1 Nxg3 29. Bg2 Nh5 30. Qd2 Nd3 31. Ne4 Qf4 32. Qxf4 Nhxf4 33. Nf6+ Kf8
34. Re7 Nxg2 35. Kxg2 Rc8 36. Nxh7+ Kg7 37. Ng5 Nf4+ 38. Kf3 Nxd5 39. Rxf7+ Kg8
40. Ne5 b4 41. Ne6 Rc7 42. Ke4 1-0

[Event "Olimpiada Dresden 2008 Femenina"]
[Site "Dresden GER"]
[Date "2008.11.20"]
[Round "7.27"]
[White "Feliciano, Vanessa"]
[Black "Schoene, Maria"]
[Result "1/2-1/2"]
[WhiteElo "2126"]
[BlackElo "2198"]
[PlyCount "97"]
[EventDate "2008.11.13"]
[EventType "team-tourn"]
[EventRounds "11"]
[EventCountry "GER"]
[Source "lmi"]
[SourceDate "2008.11.13"]
[WhiteTeam "Brasil"]
[BlackTeam "Alemania"]
[WhiteTeamCountry "BRA"]
[BlackTeamCountry "GER"]

1. e4 c5 2. Nf3 d6 3. d4 cxd4 4. Qxd4 a6 5. Be3 Nc6 6. Qb6 Qxb6 7. Bxb6 Nf6 8.
Nc3 g6 9. Nd5 Nxd5 10. exd5 Nb8 11. Bd4 Rg8 12. Bd3 Nd7 13. O-O-O Bg7 14. Rhe1
Nf6 15. Bc4 Bg4 16. Kb1 Bxf3 17. gxf3 Nh5 18. Bb6 Be5 19. h4 Bf6 20. Re4 Kf8
21. Bb3 Kg7 22. Ba4 Be5 23. Rb4 h6 24. Bd7 Nf4 25. Rc4 e6 26. dxe6 fxe6 27. Rc7
Kf6 28. Rxb7 Bxb2 29. Kxb2 Rab8 30. Bc6 Rxb7 31. Bxb7 Rb8 32. Bd8+ Ke5 33. Re1+
Kf5 34. Re4 Rxb7+ 35. Kc1 Rd7 36. Bb6 d5 37. Ra4 Ne2+ 38. Kd2 Ng1 39. Be3 h5
40. Rf4+ Ke5 41. Rf8 d4 42. Bf4+ Kd5 43. Bh2 Nh3 44. Ra8 Rf7 45. Rxa6 Rxf3 46.
Rd6+ Kc4 47. Rxe6 Rxf2+ 48. Re2 Rxe2+ 49. Kxe2 1/2-1/2

[Event "Olimpiada Dresden 2008 Femenina"]
[Site "Dresden GER"]
[Date "2008.11.20"]
[Round "7.27"]
[White "Coelho, Tatiane Cristina"]
[Black "Klek, Hanna-Marie"]
[Result "0-1"]
[WhiteElo "1820"]
[BlackElo "2004"]
[PlyCount "96"]
[EventDate "2008.11.13"]
[EventType "team-tourn"]
[EventRounds "11"]
[EventCountry "GER"]
[Source "lmi"]
[SourceDate "2008.11.13"]
[WhiteTeam "Brasil"]
[BlackTeam "Alemania"]
[WhiteTeamCountry "BRA"]
[BlackTeamCountry "GER"]

1. e4 c5 2. Nf3 d6 3. Bc4 Nf6 4. d3 Nc6 5. Bg5 e6 6. O-O h6 7. Bh4 Be7 8. Nbd2
a6 9. a4 Bd7 10. Re1 O-O 11. Nf1 Qb6 12. Rb1 Na5 13. c3 Rac8 14. e5 dxe5 15.
Nxe5 Rfd8 16. Ne3 Be8 17. Qc2 Qc7 18. Nf1 Nc6 19. Nf3 Nh5 20. Bg3 Nxg3 21. Nxg3
Bd6 22. Ne4 Ne7 23. Rbd1 Nf5 24. Bb3 Bc6 25. Qe2 Qb6 26. Nfd2 Bf4 27. Bc2 Bxd2
28. Nxd2 Qxb2 29. Nb1 Qa2 30. Rd2 Bxa4 31. Bxa4 Qxa4 32. Ra2 Qc6 33. g3 Rd7 34.
Na3 b5 35. Nc2 Rd6 36. Rea1 Qb7 37. Ne1 Ne7 38. c4 b4 39. Ra5 Nf5 40. Nc2 b3
41. Ne1 Nd4 42. Qb2 e5 43. Qa3 Rb6 44. Rxc5 Rxc5 45. Qxc5 b2 46. Rb1 Ne2+ 47.
Kf1 Nc3 48. Ng2 Nxb1 0-1

[Event "Olimpiada Dresden 2008 Femenina"]
[Site "Dresden GER"]
[Date "2008.11.20"]
[Round "7.29"]
[White "Algildah, Nibal"]
[Black "Pourkashiyan, Atousa"]
[Result "0-1"]
[WhiteElo "1951"]
[BlackElo "2241"]
[PlyCount "168"]
[EventDate "2008.11.13"]
[EventType "team-tourn"]
[EventRounds "11"]
[EventCountry "GER"]
[Source "lmi"]
[SourceDate "2008.11.13"]
[WhiteTeam "Siria"]
[BlackTeam "Irán"]
[WhiteTeamCountry "SYR"]
[BlackTeamCountry "IRI"]

1. e4 c5 2. Nf3 e6 3. d4 cxd4 4. Nxd4 a6 5. c4 Nf6 6. Bd3 Nc6 7. Nxc6 dxc6 8.
O-O e5 9. Qe2 Be7 10. Nc3 O-O 11. a3 Be6 12. h3 Bc5 13. Be3 Bd4 14. Rac1 Nd7
15. Rfd1 Qe7 16. Bxd4 exd4 17. Nb1 Qg5 18. Qd2 Qh4 19. f4 f6 20. c5 Rad8 21.
Qf2 Qxf2+ 22. Kxf2 g5 23. f5 Bf7 24. Nd2 Rfe8 25. Nf3 Ne5 26. Nxe5 fxe5 27. g4
Kg7 28. Rh1 Rh8 29. h4 h6 30. h5 Rd7 31. Rhd1 Kf6 32. Rd2 Ke7 33. b4 Ra8 34.
Rb2 Kd8 35. a4 Re7 36. Ke2 a5 37. b5 cxb5 38. Rxb5 Be8 39. Rb6 Bc6 40. Rf1 Rc8
41. f6 Rf7 42. Bc4 Rf8 43. Rf5 Rc7 44. f7 Re7 45. Rf6 Bxe4 46. c6 Rc7 47. cxb7
Bxb7 48. Rbd6+ Kc8 49. Be6+ Kb8 50. Rg6 Rcxf7 51. Bxf7 Rxf7 52. Rg8+ Ka7 53.
Rxh6 e4 54. Rxg5 Ba6+ 55. Rxa6+ Kxa6 56. Rg6+ Kb7 57. h6 Rf3 58. h7 Rh3 59.
Rg7+ Kc6 60. g5 d3+ 61. Kd2 Rh2+ 62. Kc3 d2 63. h8=Q d1=N+ 64. Kd4 Rxh8 65.
Rg6+ Kd7 66. Kxe4 Rh4+ 67. Ke5 Ne3 68. Ra6 Rxa4 69. g6 Ke7 70. Ra7+ Kf8 71. Kf6
Rf4+ 72. Kg5 Rf5+ 73. Kh4 Rc5 74. Rb7 Kg8 75. Ra7 Nc4 76. Kg4 Ne5+ 77. Kf4
Nxg6+ 78. Ke4 Ne5 79. Ra6 Nc6 80. Rb6 Kf7 81. Kd3 Ke6 82. Ke4 Kd6 83. Rb7 Rc3
84. Rb1 a4 0-1

[Event "Olimpiada Dresden 2008 Femenina"]
[Site "Dresden GER"]
[Date "2008.11.20"]
[Round "7.31"]
[White "Khan, Nazrana"]
[Black "Drljevic, Ljilja"]
[Result "0-1"]
[WhiteElo "1987"]
[BlackElo "2259"]
[PlyCount "68"]
[EventDate "2008.11.13"]
[EventType "team-tourn"]
[EventRounds "11"]
[EventCountry "GER"]
[Source "lmi"]
[SourceDate "2008.11.13"]
[WhiteTeam "Bangladesh"]
[BlackTeam "MNE"]
[WhiteTeamCountry "BAN"]

1. d4 Nf6 2. c4 g6 3. Nf3 Bg7 4. g3 O-O 5. Bg2 d6 6. O-O Nbd7 7. Nc3 c6 8. Rb1
e5 9. b4 e4 10. Nd2 d5 11. b5 e3 12. fxe3 Ng4 13. Rf3 Qe7 14. Nf1 dxc4 15. bxc6
Nb6 16. Rf4 h5 17. Nb5 bxc6 18. Ba3 Qd7 19. Bxf8 Bxf8 20. h3 g5 21. hxg4 gxf4
22. exf4 hxg4 23. Nc3 Bg7 24. e3 Nd5 25. Ne4 Qe7 26. Rb2 Bf5 27. Qb1 Re8 28.
Rb8 Bh7 29. Nd6 Bxb1 30. Rxe8+ Qxe8 31. Nxe8 c3 32. Nxg7 Kxg7 33. e4 c2 34.
exd5 cxd5 0-1

[Event "Olimpiada Dresden 2008 Femenina"]
[Site "Dresden GER"]
[Date "2008.11.20"]
[Round "7.31"]
[White "Parveen, Tanima"]
[Black "Misovic, Sanja"]
[Result "1/2-1/2"]
[WhiteElo "2066"]
[BlackElo "1937"]
[PlyCount "63"]
[EventDate "2008.11.13"]
[EventType "team-tourn"]
[EventRounds "11"]
[EventCountry "GER"]
[Source "lmi"]
[SourceDate "2008.11.13"]
[WhiteTeam "Bangladesh"]
[BlackTeam "MNE"]
[WhiteTeamCountry "BAN"]

1. e4 c5 2. c3 d5 3. exd5 Qxd5 4. d4 Nf6 5. Nf3 Bg4 6. Be2 e6 7. O-O Nc6 8. Be3
cxd4 9. cxd4 Be7 10. Nc3 Qd6 11. Qd2 O-O 12. Bf4 Qb4 13. a3 Qb6 14. Rfd1 Rfd8
15. Be3 Rd7 16. h3 Bh5 17. Qc2 Qd8 18. Ne5 Bxe2 19. Nxe2 Nxe5 20. dxe5 Nd5 21.
Bd4 Rc8 22. Qa4 a6 23. Nc3 Rc6 24. Nxd5 Rxd5 25. Bc3 b5 26. Qb3 Rc8 27. Rxd5
Qxd5 28. Qxd5 exd5 29. Rd1 Bxa3 30. Rxd5 Bf8 31. Kf1 h6 32. Ke2 1/2-1/2

[Event "Olimpiada Dresden 2008 Femenina"]
[Site "Dresden GER"]
[Date "2008.11.20"]
[Round "7.33"]
[White "Essa, Kulood"]
[Black "Shyngys Kyzy, Aijarkyn"]
[Result "1/2-1/2"]
[WhiteElo "1821"]
[BlackElo "1707"]
[PlyCount "97"]
[EventDate "2008.11.13"]
[EventType "team-tourn"]
[EventRounds "11"]
[EventCountry "GER"]
[Source "lmi"]
[SourceDate "2008.11.13"]
[WhiteTeam "Emiratos Arabes Unidos"]
[BlackTeam "Kyrgyzstan"]
[WhiteTeamCountry "UAE"]
[BlackTeamCountry "KGZ"]

1. e4 e5 2. Nf3 Nf6 3. Nxe5 d6 4. Nf3 Nxe4 5. Nc3 Nxc3 6. dxc3 Bg4 7. Be2 Be7
8. Bf4 Nd7 9. Qd2 Nc5 10. O-O-O Qd7 11. Qe3 O-O 12. h3 Be6 13. Ng5 Bxg5 14.
Bxg5 Qa4 15. a3 Bf5 16. Bd3 Nxd3+ 17. cxd3 Qb3 18. Qf4 Bg6 19. Qc4 Qxc4 20.
dxc4 f6 21. Bf4 Rfe8 22. Rhe1 Kf7 23. c5 Rxe1 24. Rxe1 dxc5 25. Bxc7 Re8 26.
Rxe8 Kxe8 27. c4 Kd7 28. Bb8 a6 29. Kd2 Be4 30. g4 g5 31. Bg3 Bg2 32. h4 Bf3
33. hxg5 fxg5 34. Ke3 Bxg4 35. f4 gxf4+ 36. Kxf4 Be2 37. Bf2 Kc6 38. b3 Bd1 39.
b4 b6 40. Ke3 Bb3 41. Kd3 cxb4 42. axb4 b5 43. cxb5+ axb5 44. Ke3 Kd5 45. Kf3
Ke5 46. Kg3 Kf5 47. Kh4 Kf4 48. Bg3+ Kf3 49. Bd6 1/2-1/2

[Event "Olimpiada Dresden 2008 Femenina"]
[Site "Dresden GER"]
[Date "2008.11.20"]
[Round "7.33"]
[White "Tilenbaeva, Bartygul"]
[Black "Salem, Amna"]
[Result "1-0"]
[WhiteElo "2080"]
[BlackElo "1779"]
[PlyCount "117"]
[EventDate "2008.11.13"]
[EventType "team-tourn"]
[EventRounds "11"]
[EventCountry "GER"]
[Source "lmi"]
[SourceDate "2008.11.13"]
[WhiteTeam "Kyrgyzstan"]
[BlackTeam "Emiratos Arabes Unidos"]
[WhiteTeamCountry "KGZ"]
[BlackTeamCountry "UAE"]

1. e4 e6 2. f4 c5 3. Nf3 Nc6 4. c3 d5 5. e5 Nh6 6. Bd3 Be7 7. Bc2 Bh4+ 8. g3
Be7 9. Qe2 Qb6 10. d3 Bd7 11. Nbd2 O-O-O 12. a3 f6 13. b4 fxe5 14. fxe5 Be8 15.
bxc5 Qxc5 16. Bb2 Bh5 17. d4 Qb6 18. Rb1 Rd7 19. Bd3 Qd8 20. Bb5 Rc7 21. c4 Bg5
22. O-O Nf5 23. cxd5 exd5 24. Bxc6 Rxc6 25. Qb5 Be3+ 26. Kh1 Be8 27. Qe2 Bh5
28. Nb3 Re8 29. Rbd1 Ree6 30. Bc1 Bxc1 31. Rxc1 Kb8 32. Nc5 Rh6 33. Qb5 Qe7 34.
Qb4 Ka8 35. Kg2 Rb6 36. Qd2 Rbc6 37. e6 Nd6 38. Ne5 Rc7 39. Qb4 Be2 40. Rf2 Bc4
41. Nxc4 dxc4 42. Rcf1 Rf6 43. d5 b6 44. Na6 Rc8 45. Rxf6 gxf6 46. Qc3 Ne4 47.
Qe3 Nd6 48. Nb4 Kb7 49. Nc6 Rxc6 50. dxc6+ Kxc6 51. Qf3+ Kc7 52. Re1 f5 53. Qa8
a5 54. Qd5 b5 55. Qc5+ Kb8 56. Kh3 Qc7 57. Qe5 Qe7 58. Rd1 Kc7 59. Qc5+ 1-0

[Event "Olimpiada Dresden 2008 Femenina"]
[Site "Dresden GER"]
[Date "2008.11.20"]
[Round "7.35"]
[White "Perez, Eneida"]
[Black "Al-Omari, Dalya"]
[Result "1-0"]
[WhiteElo "2097"]
[BlackElo "2109"]
[PlyCount "113"]
[EventDate "2008.11.13"]
[EventType "team-tourn"]
[EventRounds "11"]
[EventCountry "GER"]
[Source "lmi"]
[SourceDate "2008.11.13"]
[WhiteTeam "República Dominicana"]
[BlackTeam "Irak"]
[WhiteTeamCountry "DOM"]
[BlackTeamCountry "IRQ"]

1. d4 g6 2. e3 Nf6 3. Nf3 Bg7 4. Be2 O-O 5. O-O d5 6. Ne5 e6 7. c3 Nbd7 8. f4
Ne4 9. b3 f6 10. Nxd7 Bxd7 11. Bb2 f5 12. Nd2 Nxd2 13. Qxd2 Qh4 14. Rf3 Rf7 15.
Rc1 Qe7 16. Rf2 Bh8 17. g3 g5 18. Rg2 g4 19. Kf2 h5 20. Rh1 Rh7 21. h4 Rc8 22.
Rc1 Bf6 23. Rh2 Kf7 24. Rc2 Rhh8 25. Qc1 c6 26. Bd3 Rhg8 27. Kg1 Qd8 28. Ba3
Be7 29. Bxe7 Qxe7 30. b4 a6 31. Rb2 Qd8 32. Qb1 b5 33. a4 Ra8 34. Ra2 Qc7 35.
Qa1 Bc8 36. axb5 cxb5 37. Bxb5 Qb6 38. Ra5 Bb7 39. Bf1 Ra7 40. Rha2 Rga8 41. b5
Rb8 42. bxa6 Bc6 43. Rc5 Ke7 44. Bd3 Kd7 45. Rca5 Qb3 46. R5a3 Qb6 47. Qc1 Kd6
48. Kf2 Kd7 49. Ke1 Kd6 50. Qc2 Kd7 51. Kd2 Kd6 52. Kc1 Kc7 53. Ra1 Kd6 54. Qa2
Kc7 55. Rb1 Bb5 56. Rxb5 Qc6 57. Rc5 1-0

[Event "Olimpiada Dresden 2008 Femenina"]
[Site "Dresden GER"]
[Date "2008.11.20"]
[Round "7.36"]
[White "Milligan, Helen"]
[Black "Berend, Elvira"]
[Result "0-1"]
[WhiteElo "1957"]
[BlackElo "2328"]
[PlyCount "114"]
[EventDate "2008.11.13"]
[EventType "team-tourn"]
[EventRounds "11"]
[EventCountry "GER"]
[Source "lmi"]
[SourceDate "2008.11.13"]
[WhiteTeam "Nueva Zelanda"]
[BlackTeam "Luxemburgo"]
[WhiteTeamCountry "NZL"]
[BlackTeamCountry "LUX"]

1. e4 c5 2. Nf3 g6 3. c4 Bg7 4. d4 cxd4 5. Nxd4 Qb6 6. Nb5 a6 7. Be3 Qa5+ 8.
Bd2 Qd8 9. N5c3 d6 10. Na3 Nf6 11. Nc2 O-O 12. Be2 Nbd7 13. Rb1 Rb8 14. O-O b5
15. cxb5 axb5 16. Nb4 Bb7 17. f3 Qb6+ 18. Kh1 Bc6 19. Qe1 Ne5 20. b3 Rfc8 21.
Qf2 Qxf2 22. Rxf2 Be8 23. Bf1 e6 24. Rc1 Bf8 25. a3 h6 26. Bf4 g5 27. Be3 Nh5
28. Rfc2 Nf4 29. g3 Nfg6 30. Kg2 Bg7 31. Be2 Ne7 32. Kf2 Kf8 33. f4 gxf4 34.
gxf4 N5g6 35. Bd3 Bd7 36. Ne2 Rxc2 37. Rxc2 Ra8 38. Rc7 Ke8 39. Rxd7 Kxd7 40.
Bxb5+ Kc7 41. a4 f5 42. Ng3 fxe4 43. Nxe4 Nf5 44. Kf3 Ngh4+ 45. Kf2 Nxe3 46.
Kxe3 Nf5+ 47. Kd3 Nd4 48. Nd2 Nxb5 49. axb5 Kb6 50. Nc4+ Kxb5 51. Nc2 Kc6 52.
b4 Rf8 53. Ke3 h5 54. Ne1 Bh6 55. Nd3 e5 56. b5+ Kd5 57. Nb6+ Ke6 0-1

[Event "Olimpiada Dresden 2008 Femenina"]
[Site "Dresden GER"]
[Date "2008.11.20"]
[Round "7.36"]
[White "Gao, Judy"]
[Black "Steil-Antoni, Fiona"]
[Result "1/2-1/2"]
[WhiteElo "1896"]
[BlackElo "2166"]
[PlyCount "136"]
[EventDate "2008.11.13"]
[EventType "team-tourn"]
[EventRounds "11"]
[EventCountry "GER"]
[Source "lmi"]
[SourceDate "2008.11.13"]
[WhiteTeam "Nueva Zelanda"]
[BlackTeam "Luxemburgo"]
[WhiteTeamCountry "NZL"]
[BlackTeamCountry "LUX"]

1. d4 d5 2. Bf4 Nf6 3. e3 c5 4. c3 Nc6 5. Bd3 e6 6. Nd2 Bd6 7. Bxd6 Qxd6 8.
Ngf3 O-O 9. O-O e5 10. dxe5 Nxe5 11. Nxe5 Qxe5 12. Nf3 Qh5 13. Be2 Re8 14. Rc1
Qg6 15. Kh1 b6 16. c4 Bb7 17. Qc2 Qh6 18. Rcd1 dxc4 19. Bxc4 Ng4 20. Bd5 Bxd5
21. Rxd5 Rad8 22. Rfd1 Rxd5 23. Rxd5 Qe6 24. Rd2 Qxa2 25. Qd1 h6 26. h3 Nf6 27.
b3 Qa6 28. Kg1 Qb5 29. Rd8 Rxd8 30. Qxd8+ Kh7 31. Qd1 g6 32. Ne5 Kg7 33. Qc2
Nd7 34. Nc4 Qb4 35. Qd1 Nf6 36. Qc2 b5 37. Nb2 Qe4 38. Qc3 Qb1+ 39. Kh2 b4 40.
Qe5 Qc2 41. Na4 Qxb3 42. Nxc5 Qd5 43. Qc7 Ne4 44. Nxe4 Qxe4 45. Qxa7 Qe5+ 46.
f4 Qc3 47. Qb6 b3 48. e4 Qf6 49. Qxb3 Qxf4+ 50. Kh1 Qxe4 51. Qc3+ Kh7 52. Qf6
Qe6 53. Qf2 h5 54. h4 Qc4 55. Kh2 Kg7 56. Qb2+ f6 57. g3 Qe4 58. Qd2 Qf5 59.
Qe2 Qe5 60. Qd2 g5 61. hxg5 fxg5 62. Qf2 h4 63. Kh3 Qe6+ 64. Kh2 h3 65. Qd4+
Kh7 66. g4 Qe2+ 67. Kxh3 Qf3+ 68. Kh2 Qe2+ 1/2-1/2

[Event "Olimpiada Dresden 2008 Femenina"]
[Site "Dresden GER"]
[Date "2008.11.20"]
[Round "7.36"]
[White "Bakalarz, Grazyna"]
[Black "Fairley, Natasha"]
[Result "1-0"]
[WhiteElo "2001"]
[BlackElo "1803"]
[PlyCount "79"]
[EventDate "2008.11.13"]
[EventType "team-tourn"]
[EventRounds "11"]
[EventCountry "GER"]
[Source "lmi"]
[SourceDate "2008.11.13"]
[WhiteTeam "Luxemburgo"]
[BlackTeam "Nueva Zelanda"]
[WhiteTeamCountry "LUX"]
[BlackTeamCountry "NZL"]

1. d4 d5 2. Bf4 Nf6 3. e3 c6 4. Nf3 e6 5. Bd3 Bd6 6. O-O O-O 7. c3 Qc7 8. Bxd6
Qxd6 9. Ne5 b6 10. Nd2 c5 11. f4 Ba6 12. Bxa6 Nxa6 13. Qf3 cxd4 14. exd4 h6 15.
Rae1 Nb8 16. f5 Nbd7 17. Nxf7 Rxf7 18. fxe6 Re7 19. exd7 Qxd7 20. Qg3 Rae8 21.
Nf3 Ne4 22. Qf4 Qa4 23. Ne5 Nf6 24. a3 Qb5 25. Qd2 Ne4 26. Qe2 Qxe2 27. Rxe2
Nf6 28. Ref2 a5 29. g3 Re6 30. a4 Rb8 31. Ra1 Rb7 32. Kg2 Kf8 33. Ng6+ Ke8 34.
Nf4 Re4 35. Nd3 Re6 36. h3 Rbe7 37. Ne5 Rb7 38. g4 Rbe7 39. Raf1 Rb7 40. h4 1-0

[Event "Olimpiada Dresden 2008 Femenina"]
[Site "Dresden GER"]
[Date "2008.11.20"]
[Round "7.38"]
[White "Boric, Elena"]
[Black "Sanchez Rodriguez, Wilmairi"]
[Result "1-0"]
[WhiteElo "2292"]
[BlackElo "1773"]
[PlyCount "85"]
[EventDate "2008.11.13"]
[EventType "team-tourn"]
[EventRounds "11"]
[EventCountry "GER"]
[Source "lmi"]
[SourceDate "2008.11.13"]
[WhiteTeam "Bosnia Herzegovina"]
[BlackTeam "Puerto Rico"]
[WhiteTeamCountry "BIH"]
[BlackTeamCountry "PUR"]

1. e4 c5 2. Nf3 d6 3. d4 cxd4 4. Qxd4 Nc6 5. Bb5 Bd7 6. Bxc6 Bxc6 7. Nc3 Nf6 8.
Bg5 g6 9. Bxf6 exf6 10. O-O Be7 11. Rad1 O-O 12. Nd5 Bxd5 13. Qxd5 Qc7 14. Rd2
Rac8 15. Rfd1 Qb6 16. c4 Rc5 17. Qd3 Rd8 18. b3 f5 19. h3 fxe4 20. Qxe4 Rc7 21.
Rd5 Bf8 22. Nd4 a6 23. Nc2 Rc5 24. Ne3 Qc6 25. Qh4 Re8 26. Ng4 Be7 27. Qg3 Rxd5
28. Rxd5 h5 29. Nh6+ Kf8 30. Qc3 f6 31. Qg3 g5 32. Qf3 Bd8 33. Qxh5 Re1+ 34.
Kh2 Qe8 35. Qxe8+ Kxe8 36. Nf5 Bc7 37. Nd4 Ke7 38. g4 Ra1 39. a4 Rb1 40. Kg2
Rb2 41. Nf5+ Ke6 42. Rd3 Re2 43. Nd4+ 1-0

[Event "Olimpiada Dresden 2008 Femenina"]
[Site "Dresden GER"]
[Date "2008.11.20"]
[Round "7.38"]
[White "Dedijer, Sanja"]
[Black "Basem-Hassan, Miriam"]
[Result "1-0"]
[WhiteElo "2049"]
[BlackElo "1935"]
[PlyCount "127"]
[EventDate "2008.11.13"]
[EventType "team-tourn"]
[EventRounds "11"]
[EventCountry "GER"]
[Source "lmi"]
[SourceDate "2008.11.13"]
[WhiteTeam "Bosnia Herzegovina"]
[BlackTeam "Puerto Rico"]
[WhiteTeamCountry "BIH"]
[BlackTeamCountry "PUR"]

1. d4 Nf6 2. c4 g6 3. Nc3 Bg7 4. e4 d6 5. Nf3 O-O 6. Be2 e5 7. O-O Nc6 8. d5
Ne7 9. b4 Nh5 10. Re1 f5 11. Ng5 Nf4 12. Bxf4 exf4 13. Rc1 fxe4 14. Ncxe4 h6
15. Ne6 Bxe6 16. dxe6 a5 17. b5 b6 18. Bf3 Rb8 19. Nc3 Be5 20. Nd5 Kg7 21. Be4
Nxd5 22. cxd5 Rc8 23. Rc4 Re8 24. Qc2 g5 25. Rc1 Re7 26. Bg6 Qf8 27. Bf7 Kh8
28. Qd3 Bb2 29. R1c2 Ba1 30. Qd1 Be5 31. Qc1 Qd8 32. Qd1 Qf8 33. Rc6 Qd8 34.
R6c4 Qf8 35. Qh5 Ba1 36. Qg6 Be5 37. Qe4 Bg7 38. Rc6 Qxf7 39. exf7 Rxe4 40. f3
Re7 41. Rxd6 cxd6 42. Rxc8+ Bf8 43. Rxf8+ Kg7 44. Rd8 Kxf7 45. Rxd6 Re5 46. h3
h5 47. a4 Ke7 48. Rxb6 Rxd5 49. Rh6 h4 50. Ra6 Rd4 51. Rxa5 Kd6 52. Ra6+ Kc7
53. a5 Rb4 54. Rc6+ Kb7 55. Rc5 Rb1+ 56. Kh2 Ra1 57. a6+ Kb6 58. Rxg5 Ra2 59.
Rf5 Ra4 60. Rh5 Rb4 61. Rxh4 Kxb5 62. a7 Ra4 63. Rxf4 Rxa7 64. Rd4 1-0

[Event "Olimpiada Dresden 2008 Femenina"]
[Site "Dresden GER"]
[Date "2008.11.20"]
[Round "7.39"]
[White "Driza, Arta"]
[Black "Walta, Paivi"]
[Result "1-0"]
[WhiteElo "1959"]
[BlackElo "1824"]
[PlyCount "119"]
[EventDate "2008.11.13"]
[EventType "team-tourn"]
[EventRounds "11"]
[EventCountry "GER"]
[Source "lmi"]
[SourceDate "2008.11.13"]
[WhiteTeam "Albania"]
[BlackTeam "Finlandia"]
[WhiteTeamCountry "ALB"]
[BlackTeamCountry "FIN"]

1. e4 c5 2. Nf3 g6 3. d4 Bg7 4. c3 cxd4 5. Nxd4 Nc6 6. Be3 Nf6 7. Nd2 O-O 8.
Bc4 Ne5 9. f3 Nxc4 10. Nxc4 d6 11. O-O Qc7 12. Nd2 a6 13. c4 Rb8 14. a4 Nd7 15.
Rc1 Ne5 16. b4 Nc6 17. Nxc6 bxc6 18. b5 c5 19. Nb3 Bd7 20. Qd2 Rfd8 21. Bh6 Bh8
22. f4 axb5 23. axb5 Ra8 24. f5 Ra3 25. Rb1 Qb7 26. fxg6 hxg6 27. Qf4 Be6 28.
Nd2 Rda8 29. Rf3 Ra2 30. Qg3 Bxc4 31. Nxc4 Qxe4 32. Rc1 Ra1 33. Rff1 R1a2 34.
Qf3 Qe6 35. b6 Rb8 36. Rfe1 Qd7 37. Qb3 Ra6 38. Rb1 Bf6 39. Bd2 Ra4 40. Ne3 Qc6
41. Qd5 Rxb6 42. Qxc6 Rxc6 43. Nd5 Kg7 44. Nxe7 Rca6 45. Nd5 Be5 46. Bc3 Bd4+
47. Bxd4+ Rxd4 48. Red1 Rxd1+ 49. Rxd1 g5 50. Nc7 Rc6 51. Ne8+ Kg6 52. Rxd6+
Rxd6 53. Nxd6 f5 54. Kf2 Kf6 55. Ke2 Ke6 56. Nc4 Kd5 57. Kd3 f4 58. h3 Kc6 59.
Ne5+ Kd5 60. Nf3 1-0

[Event "Olimpiada Dresden 2008 Femenina"]
[Site "Dresden GER"]
[Date "2008.11.20"]
[Round "7.40"]
[White "Blackburn, Suzie G"]
[Black "Ramirez, M Eugenia"]
[Result "1/2-1/2"]
[WhiteElo "1883"]
[BlackElo "2016"]
[PlyCount "82"]
[EventDate "2008.11.13"]
[EventType "team-tourn"]
[EventRounds "11"]
[EventCountry "GER"]
[Source "lmi"]
[SourceDate "2008.11.13"]
[WhiteTeam "Gales"]
[BlackTeam "Bolivia"]
[WhiteTeamCountry "WLS"]
[BlackTeamCountry "BOL"]

1. d4 c5 2. c3 e6 3. Nf3 d5 4. Bf4 Nc6 5. e3 Nf6 6. Nbd2 Be7 7. Bd3 c4 8. Bc2
O-O 9. O-O b5 10. a3 h6 11. e4 dxe4 12. Nxe4 Nd5 13. Bd2 f5 14. Ng3 Qe8 15. Re1
Qf7 16. Qe2 Bd7 17. Ne5 Nxe5 18. Qxe5 Bf6 19. Qe2 Rae8 20. Rad1 g5 21. h3 Bh8
22. f3 a5 23. Qf1 a4 24. Re2 e5 25. dxe5 Bxe5 26. Nh1 Bc7 27. g3 Rxe2 28. Qxe2
Re8 29. Qf1 Bb6+ 30. Kh2 Be3 31. Qg2 Bc6 32. Re1 f4 33. Be4 fxg3+ 34. Nxg3 Nf4
35. Qf1 Bxd2 36. Rd1 Bxe4 37. Nxe4 Nd5 38. Rxd2 Qf4+ 39. Kh1 Rxe4 40. Rxd5 Re3
41. Kg2 Re5 1/2-1/2

[Event "Olimpiada Dresden 2008 Femenina"]
[Site "Dresden GER"]
[Date "2008.11.20"]
[Round "7.40"]
[White "Wilson, Julie"]
[Black "Barrenechea, Stefanie"]
[Result "0-1"]
[WhiteElo "1935"]
[BlackElo "1978"]
[PlyCount "71"]
[EventDate "2008.11.13"]
[EventType "team-tourn"]
[EventRounds "11"]
[EventCountry "GER"]
[Source "lmi"]
[SourceDate "2008.11.13"]
[WhiteTeam "Gales"]
[BlackTeam "Bolivia"]
[WhiteTeamCountry "WLS"]
[BlackTeamCountry "BOL"]

1. d4 d5 2. c4 dxc4 3. Nf3 Nf6 4. Nc3 e6 5. e3 a6 6. Bxc4 c5 7. O-O b5 8. Bd3
Bb7 9. dxc5 Bxc5 10. e4 Nbd7 11. Re1 Ng4 12. Re2 Nde5 13. Nxe5 Nxe5 14. Bc2 Qe7
15. Bf4 Ng4 16. Bg3 h5 17. Rd2 Qf6 18. Qe2 Ne5 19. Nxb5 Kf8 20. Bxe5 Qxe5 21.
Rad1 g6 22. Nc3 Bb4 23. Rd3 Rc8 24. Qf3 Bc6 25. a3 Be7 26. Rd4 Kg7 27. R4d2 Rc7
28. Ba4 Bxa4 29. Nxa4 Rb8 30. Nc3 Rbb7 31. Qe2 a5 32. Rc2 Bxa3 33. bxa3 Rxc3
34. Ra2 Rbb3 35. a4 Rb4 36. f3 0-1